Rappeur avec le titre de la musique - Statistiques

Statistiques générales
  • Ce quiz a été pris 18 694 fois
  • Le résultat moyen est 16 sur 30
Statistiques - réponses
Musique Rappeur % Correct
Goute d'eau Ninho
90%
Salé Niska
85%
La bandite Jul
82%
Mona Lisa Booba
81%
Mr Ocho SDM
79%
Celine x3 Gazo
74%
Désaccordé Vald
72%
Urus Favé
70%
Bizon Kaaris
66%
Zoulou Tchaing PNL
66%
Dybala Maes
65%
A Kele Nta MHD
65%
Arrêt du cœur Kalash Criminel
63%
6.3 Naps
61%
Marie Koba laD
57%
Tes parents Leto
56%
Extasy Zola
51%
Solitaire Werenoi
49%
Shavkat Freeze Corleone
48%
Lopsa Story 1pliké140
39%
B3 RK
39%
Parapluie Tiakola
38%
MD 4keus
35%
Sacoche Larry
32%
Tout va bien Alonzo
29%
30 JUIN 2009 Mister You
27%
Pas ralentir Mig
23%
Bitume L2B Gang
15%
On se reverra plus Da Uzi
13%
Seklenland, pt.5 H LA DROGUE
13%
Aucun quiz correspondant
Distribution des résultats
% des personnes avec chaque résultat
Percentile par nombre de réponses
Votre historique - résultats
Vous n’avez pas pris ce quiz